Quizzes
Events
Quiz Creation
Community
Videos
Private Events
Remove Ads
Sign In
Join for FREE
Feedback
Dark Mode
Quiz Categories
Sports
Geography
Music
Movies
Television
Just For Fun
Miscellaneous
History
Literature
Language
Science
Gaming
Entertainment
Religion
Holiday
For Kids
Quiz Lab
Recent
Popular Today
Quiz Kudos Today
Editor Picks
Curator Picks
Quizzes by...
Day
Popularity
Type
Ratings
Length
Year
Community
Subscriptions
Recent Discussions
Orange Saloon
Badges
Playlists
Quests
Create
Leaderboards
Showdown
Live 5
Trivia Bingo
Activity
Puzzle Library
Sporcle Events
Private Events
Virtual Trivia
Globe League
Become a Host
Pub Owners
SporcleCon
Opinionation
Our Games
Videos
Blog
Mobile Apps
Partnerships
Remove Ads and Go Orange
Feedback
Geography
Country
Landmarks
City
State
Population
World
Capital
Continent
Flags
Europe
Africa
Asia
South America
North America
Oceania
Border
Canada
United Kingdom
Topography
United States
Geography
Country
Landmarks
City
State
Population
World
Capital
Continent
Flags
Europe
Africa
Asia
South America
North America
Oceania
Border
Canada
United Kingdom
Topography
United States
Random Quiz
Search Sporcle
×
Curator Pick
Curator Pick
Geography
Grab Bag
Type in answers that appear in a list
Type in answers that appear in a list
Classic
Best Score? Go Orange.
Grab Bag: Belgium Stats
Can you name the answers from this grab bag of topics about Belgium?
By
astonmartin
10m
71 Questions
2,781 Plays
2,781 Plays
2,781 Plays
Comments
Comments
Give Quiz Kudos
Give Quiz Kudos
-
- Ratings
hide this ad
Replay
Link that replays current quiz
Next Quiz
Link to next quiz in quiz playlist
You Got
0%
They Got
Avg Score
75%
Avg Friend Score
Upgrade to see
Score Distribution
Jump to the score distribution portion of the page
Score
0/71
Timer
10:00
0
Plays Today
% Correct
Brussels
98.7%
Brussels
97.8%
German
96.5%
German Community Government
95.6%
Red
95%
Yellow
94.9%
Black
94.7%
French
94.4%
Luxembourg
94.3%
Netherlands
94.2%
France
93.9%
Euro
93.7%
Germany
93%
Belgian Franc
92.9%
Antwerp
92.8%
Antwerp
92.8%
Antwerp
92.8%
Dutch
92.8%
French Community Government
91.4%
Antwerp
91%
Luxembourg
88.2%
Zeebrugge
87.1%
North Sea
87%
Bruges
86.8%
Bruges
86.8%
Roman-Catholic
86.6%
Ghent
85.3%
Ghent
85.3%
Ghent
85%
Liège
82.9%
Liège
82.9%
Liège
82.9%
Flemish Government
76.3%
Leopold II
74.2%
Philippe
74%
Leopold I
74%
% Correct
Liège
73.8%
Namur
72.3%
Namur
72.3%
Namur
72.3%
West Flanders
70.8%
East Flanders
70.4%
Albert I
70.4%
Leuven
70.2%
Leuven
70.2%
Albert II
70%
Leopold III
69.2%
Beer
68.6%
Baudouin
67.7%
Limburg
67.6%
Meuse
67%
Flemish Brabant
66.4%
Elio Di Rupo
66.1%
Mons
65.6%
Mons
65.6%
Charleroi
65.5%
Walloon Brabant
65.1%
Hasselt
64.1%
Hainaut
63.5%
Chocolate
62.9%
Ostend
60.8%
Scheldt
59.5%
Waffles
59.4%
Yser
56.8%
Fries
55.9%
Walloon Regional Government
52.2%
Arlon
50.9%
Wavre
50%
Federal Government
48%
Mechelen
42.9%
Brussels-Capital Regional Government
23.2%
Quiz Playlist
Details
Report
Send in Message
Add To Playlist
Classic:
Type in answers that appear in a list
Last Updated: Sep 3, 2017
Curator Pick in
Grab Bag
Quiz Scoreboard
CHALLENGE
Sign Up to Join the Scoreboard
Show All
Scores
Hide
Comments
May contain spoilers
Recently Published
Decade Duel: World Leaders
by jenniferyan
History
4m
Alphabetical 'K' Countries by Flag Minefield
by ylime102
Geography
3m
Pick 6: Fruits
by JohnFran
Miscellaneous
15s
More to Explore
Quiz From the Vault
Featured Blog Post
15 Basketball Trivia Facts You Can Be March Mad About
hide this ad
You Might Also Like...
Tags
Grab Bag Quiz
Belgium
Today's Top Quizzes in Geography
Browse Geography
hide this ad
Today's Top Quizzes in Grab Bag
Browse Grab Bag
Top Contributed Quizzes in Geography
1
Countries of the World - No Outlines Minefield
2
Pick 6: Mountains
3
Least Populated Answer: 'G' Countries
4
Alphabetical 'L' Countries By Flag Minefield
5
Lietuvos savivaldybės (Lithuanian Municipalities)
6
Alphabetical 'M' Countries By Flag Minefield
7
Pick 6: National Parks
8
Pick 6: US States
9
'A' Countries In Alphabetical Order by Flag
10
African Flag Reveal XXXVI
Explore More
Trending Topics
Marvel
Crossword
Anime
NBA
Harry Potter
Kpop
Disney
WWE
NFL
Puzzle
Song
Soccer
Pokémon
The Office
Country
hide this ad
More By:
astonmartin
Quiz
Plays
Rating
Category
Featured
Created
Find That Country: Hot or Cold VI
222,112
4.08
Geography
Oct 8, 2009
Cities of Belgium
5,120
4.77
Geography
Sep 26, 2009
Grab Bag: Belgium
2,781
4.44
Geography
Oct 8, 2009
Names of car brands
659
4.00
Miscellaneous
Sep 24, 2009
Countries with highest death rates
584
4.29
Geography
Sep 25, 2009
Go to Creator's Profile
Score Distribution
Quiz Creator Spotlight
astonmartin
Follow
Send a Message
Quizzes Created
-
Created Quiz Play Count
-
More By This Creator
Popular Quizzes Today
1
Countries of Asia Without Outlines Minefield
2
Find the US States - No Outlines Minefield
3
Pick 6: Fruits
4
Alphabetical 'K' Countries by Flag Minefield
5
The Countries of the World
6
Find the Countries of Europe - No Outlines Minefield
7
Find the US States
8
US States
More Geography Quizzes
On the Map Minefield Blitz: State Capitals
Published
Trending Quizzes
Pick 6: Mountains
Pick 6: Harry Potter
Pick 6: Flags
Pick 6: NFL Teams
Pick 6: Movie Franchises
Recently Updated
NWSL Teams
pecheneg
Women's Final Four Teams by Year
bhenderson79
Presidents Quartet II
eogle
Anything But Clue(do)
eogle
Anything But Oceanian Capitals
eogle
Anything But 7
eogle
Anything But Thing
eogle
Word Ladder: February 29
pecheneg
Song Title Questions
pecheneg
Women's NCAA Tournament #1 Seeds
pecheneg
Trending Topics
Harry Potter
Marvel
NBA
Kpop
Anime
Crossword
Disney
Country
Puzzle
NFL
Song
WWE
The Office
Pokémon
Soccer
Your Account Isn't Verified!
In order to create a playlist on Sporcle, you need to verify the email address you used during registration. Go to your
Sporcle Settings
to finish the process.
Report this User
Report this user for behavior that violates our
Community Guidelines
.
Details:
Send Report
Go to the Sporcle.com Mobile Site →
Comments